FLUID MECHANICS AND HYDRAULICS WITH COMPUTER APP. (Record no. 339239)

MARC details
000 -LEADER
fixed length control field 00270nam a2200097Ia 4500
008 - FIXED-LENGTH DATA ELEMENTS--GENERAL INFORMATION
fixed length control field 230508s2006 xx 000 0 und d
041 ## - LANGUAGE CODE
Language code of text/sound track or separate title eng
100 ## - MAIN ENTRY--PERSONAL NAME
Personal name LAL JAGDISH
245 ## - TITLE STATEMENT
Title FLUID MECHANICS AND HYDRAULICS WITH COMPUTER APP.
260 ## - PUBLICATION, DISTRIBUTION, ETC.
Name of publisher, distributor, etc. METROPOLTIAN BOOK
Date of publication, distribution, etc. 2006
Date of manufacture 2006
Holdings
Withdrawn status Lost status Damaged status Not for loan Home library Current library Date acquired Cost, normal purchase price Total Checkouts Barcode Date last seen Price effective from Koha item type
        Jawaharlal Nehru Institute of Technology(Poly), Pune Jawaharlal Nehru Institute of Technology(Poly), Pune 09/05/2023 240.00   ITP-21319 09/05/2023 09/05/2023 Book